[Event "33rd Leon Blitz Open 2020"]
[Site "chess.com INT"]
[Date "2020.07.14"]
[Round "1"]
[White "Budrewicz, Krzysztof"]
[Black "Hovhannisyan, Robert"]
[Result "0-1"]
[BlackTitle "GM"]
[WhiteElo "2227"]
[BlackElo "2642"]
[WhiteFideId "1127950"]
[BlackFideId "13302507"]
[EventDate "2020.07.14"]
[EventType "blitz"]

1. d4 d5 2. c4 c6 3. e3 Nf6 4. Nf3 Bg4 5. h3 Bh5 6. Nc3 e6 7. g4 Bg6 8. Ne5 Nbd7
9. Nxg6 hxg6 10. cxd5 Nxd5 11. Bg2 Bb4 12. Bd2 Qe7 13. O-O O-O 14. Qb3 Bxc3 15.
bxc3 Rab8 16. e4 N5b6 17. a4 e5 18. a5 Nc8 19. Qa3 Qxa3 20. Rxa3 Nd6 21. Rb3 Nc4
22. Bg5 f6 23. Bc1 Nxa5 24. Ra3 b6 25. Rd1 g5 26. f3 Rfd8 27. Bf1 c5 28. d5 Nf8
29. Be3 Ng6 30. Rda1 Rdc8 31. Kf2 Nf4 32. Kg3 Kf7 33. Ba6 Rc7 34. Bf1 Rd8 35.
Rb1 Ra8 36. Rb5 Rcc8 37. Rb1 Nb7 38. Ba6 Rcb8 39. Bf1 Nd6 40. Ra6 Rb7 41. c4 Ke7
42. Rba1 Kd7 43. h4 gxh4+ 44. Kxh4 g5+ 45. Kg3 Kc7 46. Kf2 Rbb8 47. Rxa7+ Rxa7
48. Rxa7+ Rb7 49. Ra8 Rb8 50. Ra7+ Rb7 51. Ra8 Nc8 52. Ke1 Ra7 53. Rxa7+ Nxa7
54. Kd2 Nc8 55. Kc3 Nd6 56. Bc1 Kb7 57. Be3 Ka6 58. Kb3 Ng6 59. Bf2 Nh4 60. Be2
Ng2 61. Bg1 Nf4 62. Bf1 Kb7 63. Be3 Kc7 64. Ka4 Ng6 65. Kb3 Ne7 66. Ka4 Ng8 67.
Kb3 Nh6 68. Kc3 Nhf7 69. Kb3 Nd8 70. Be2 N8b7 71. Bf1 Na5+ 72. Kc3 Kb7 73. Bc1
Ka6 74. Bd2 Nab7 75. Kb3 Nd8 76. Be3 N8f7 77. Bd2 Nh8 78. Be3 Kb7 79. Ka4 Kc7
80. Kb3 Ndf7 81. Ka4 Ng6 82. Be2 Nf4 83. Bf1 Kb7 84. Kb3 Nh8 85. Ka4 Ka6 86. Kb3
Nhg6 87. Ka4 Nh4 88. Bxf4 exf4 89. Be2 Ng6 90. Bf1 Ne5 91. Be2 Nf7 92. Bf1 Kb7
93. Kb5 Nd6+ 94. Ka4 Kc7 95. Bd3 Ne8 96. Kb5 Nd6+ 97. Ka6 Nf7 98. Bf1 Ne5 99.
Be2 Ng6 100. Bf1 Nh4 101. Be2 Ng2 102. Kb5 Ne3 103. Bd3 Nd1 104. Be2 Nc3+ 105.
Ka6 Nxe2 0-1

[Event "33rd Leon Blitz Open 2020"]
[Site "chess.com INT"]
[Date "2020.07.14"]
[Round "1"]
[White "Reimanis, Ritvars"]
[Black "Aravindh, Chithambaram VR."]
[Result "0-1"]
[WhiteTitle "FM"]
[BlackTitle "GM"]
[WhiteElo "2421"]
[BlackElo "2641"]
[WhiteFideId "11602988"]
[BlackFideId "5072786"]
[EventDate "2020.07.14"]
[EventType "blitz"]

1. d4 Nf6 2. c4 e6 3. Nf3 Nc6 4. g3 Bb4+ 5. Bd2 a5 6. Bg2 d6 7. O-O O-O 8. Bg5
a4 9. a3 Ba5 10. Qxa4 Bd7 11. Qd1 h6 12. Bxf6 Qxf6 13. e3 e5 14. dxe5 Nxe5 15.
Nxe5 Qxe5 16. Qd4 Qxd4 17. exd4 Rfe8 18. Nc3 Bxc3 19. bxc3 Ra7 20. Rfb1 b6 21.
Rb2 g5 22. Bd5 Kg7 23. Kg2 Ra4 24. Rb4 Ra5 25. h3 Re2 26. Rb3 Bf5 27. Rb5 Ra4
28. c5 Bd7 29. Rb4 dxc5 30. dxc5 bxc5 31. Rb7 Rd2 32. Bf3 Be6 33. Rxc7 Rc4 34.
Re1 Kf6 35. Re3 Ra4 36. Bg4 Bd5+ 37. Bf3 Be6 38. Bg4 Bd5+ 39. Bf3 Bb3 40. Rc6+
Be6 41. Bg4 Rxa3 42. Bxe6 fxe6 43. Rcxe6+ Kg7 44. Re7+ Kf8 45. Re8+ Kf7 46.
R8e7+ Kf8 47. Rc7 Ra5 48. Rf3+ Ke8 49. Rf5 Rc2 50. Rcxc5 Raa2 51. Rc7 Kd8 52.
Rh7 Ke8 53. Rxh6 Rxc3 54. Rxg5 Kf7 55. Rf5+ Kg7 56. Rhf6 Rc1 57. Rf3 Raa1 58. h4
Rg1+ 59. Kh3 Ra4 60. R3f4 Ra5 61. Kg4 Rc1 62. R6f5 Ra6 63. Re5 Rc2 64. Rg5+ Kh6
65. Rgf5 Kg7 66. Rf7+ Kg8 67. Rb7 Rg6+ 68. Kh3 Rc1 69. Kg2 Rc8 70. h5 Rg5 71. g4
Kh8 72. Kg3 Rcg8 73. Kh4 Re5 74. Rf6 Rge8 75. Rh6+ Kg8 76. Rg6+ Kh8 77. Rf6 Re1
78. Rbf7 Kg8 79. Kg5 Rg1 80. Rf4 Re5+ 81. R7f5 Re8 82. Rf6 Re5+ 83. R4f5 Re8 84.
f3 Rh1 85. Rg6+ Kh7 86. Rb6 Rg8+ 87. Kf4 Re8 88. Rb7+ Kh8 89. Kg3 Rg1+ 90. Kf2
Rge1 91. Rfb5 R1e2+ 92. Kg3 Rb2 93. Rb8 Rxb8 94. Rxb8+ Rxb8 95. g5 Kg7 96. Kg4
Rb1 97. f4 Rf1 98. Kf5 Rf2 99. Kg4 Kf7 100. Kf5 Kg7 101. Kg4 Rb2 102. Kf5 Rb5+
103. Kg4 Rb4 104. Kf5 Rc4 105. Kg4 Rc5 106. Kh4 Ra5 107. Kg4 Kf7 108. Kh4 Ke6
109. Kg4 Ra1 110. h6 Rg1+ 111. Kf3 Kf5 112. Kf2 Rg4 0-1

[Event "33rd Leon Blitz Open 2020"]
[Site "chess.com INT"]
[Date "2020.07.14"]
[Round "2"]
[White "Ogloblin, Nikolay"]
[Black "Idrisova, Roza"]
[Result "1-0"]
[WhiteTitle "IM"]
[BlackTitle "WFM"]
[WhiteElo "2346"]
[BlackElo "1960"]
[WhiteFideId "4139658"]
[BlackFideId "4146662"]
[EventDate "2020.07.14"]
[EventType "blitz"]

1. d4 d5 2. Nf3 c6 3. c4 Nf6 4. e3 a6 5. Bd2 b5 6. cxd5 cxd5 7. a4 bxa4 8. Ne5
e6 9. Qxa4+ Bd7 10. Qa5 Bd6 11. Qxd8+ Kxd8 12. Nxf7+ Ke7 13. Nxh8 Nc6 14. Rxa6
Rxh8 15. Nc3 Nb4 16. Ra7 Rb8 17. Bb5 Ke8 18. Bxd7+ Nxd7 19. Ke2 Nc6 20. Ra6 Rc8
21. Nb5 Ke7 22. Rc1 Ndb8 23. Raa1 Kd7 24. Nxd6 Kxd6 25. b4 Rf8 26. b5 Nd8 27.
Bb4+ 1-0

[Event "33rd Leon Blitz Open 2020"]
[Site "chess.com INT"]
[Date "2020.07.14"]
[Round "2"]
[White "Zwardon, Vojtech"]
[Black "Motylev, Alexander"]
[Result "0-1"]
[WhiteTitle "IM"]
[BlackTitle "GM"]
[WhiteElo "2479"]
[BlackElo "2641"]
[WhiteFideId "325511"]
[BlackFideId "4121830"]
[EventDate "2020.07.14"]
[EventType "blitz"]

1. c4 c6 2. Nc3 d5 3. cxd5 cxd5 4. d4 Nf6 5. Bf4 a6 6. e3 Nc6 7. Rc1 Bg4 8. f3
Bd7 9. Bd3 e6 10. Nge2 Nh5 11. Be5 Qb6 12. Na4 Qa5+ 13. Kf2 Nxe5 14. dxe5 Bxa4
15. b3 Bd7 16. g4 Nf6 17. exf6 gxf6 18. Nf4 Bd6 19. Nh5 Ke7 20. Qe2 Rac8 21.
Rxc8 Rxc8 22. Bxh7 Bb5 23. Qb2 Be5 24. Qb1 Qd2+ 0-1

[Event "33rd Leon Blitz Open 2020"]
[Site "chess.com INT"]
[Date "2020.07.14"]
[Round "2"]
[White "Azaladze, Shota"]
[Black "Tay, Junior"]
[Result "1-0"]
[WhiteTitle "IM"]
[BlackTitle "CM"]
[WhiteElo "2439"]
[BlackElo "2230"]
[WhiteFideId "13603027"]
[BlackFideId "5800439"]
[EventDate "2020.07.14"]
[EventType "blitz"]

1. f3 e5 2. b3 d5 3. Bb2 Nc6 4. e3 Nf6 5. d4 exd4 6. exd4 Bd6 7. Qd2 O-O 8. Nc3
Qe7+ 9. Nge2 Re8 10. O-O-O Ba3 11. Nf4 Be6 12. h4 a5 13. g4 Bb4 14. Bb5 Qd6 15.
g5 Nd7 16. h5 Nb6 17. g6 fxg6 18. hxg6 h6 19. Nh5 Rf8 20. Nxg7 Bd7 21. Nh5 1-0

[Event "33rd Leon Blitz Open 2020"]
[Site "chess.com INT"]
[Date "2020.07.14"]
[Round "2"]
[White "Franco Valencia, Angela"]
[Black "Volkov, Maksim"]
[Result "0-1"]
[WhiteTitle "WIM"]
[BlackTitle "CM"]
[WhiteElo "2089"]
[BlackElo "2163"]
[WhiteFideId "4403070"]
[BlackFideId "54123070"]
[EventDate "2020.07.14"]
[EventType "blitz"]

1. e4 c5 2. Nf3 e6 3. d4 cxd4 4. Nxd4 a6 5. Nc3 Qc7 6. g3 Bb4 7. Bd2 Nc6 8. Nb3
Nf6 9. Bg2 O-O 10. O-O b5 11. f4 d6 12. Kh1 Bb7 13. g4 Ne7 14. g5 Bxc3 15. gxf6
Bxf6 16. c3 g6 17. Nd4 Rac8 18. Qg4 Bxd4 19. cxd4 Qc2 20. Bb4 Bxe4 21. Bxd6 Rfe8
22. Rac1 Bxg2+ 23. Qxg2 Qxc1 24. Qf2 Qc6+ 0-1

[Event "33rd Leon Blitz Open 2020"]
[Site "chess.com INT"]
[Date "2020.07.14"]
[Round "2"]
[White "Krishna, C R G"]
[Black "Maly, Alexey"]
[Result "0-1"]
[WhiteTitle "IM"]
[BlackTitle "IM"]
[WhiteElo "2478"]
[BlackElo "2371"]
[WhiteFideId "5018625"]
[BlackFideId "14103184"]
[EventDate "2020.07.14"]
[EventType "blitz"]

1. Nf3 c5 2. e3 Nc6 3. d4 cxd4 4. exd4 d5 5. c4 Nf6 6. Nc3 e6 7. Be2 dxc4 8.
Bxc4 Be7 9. O-O O-O 10. a3 a6 11. Ba2 b5 12. Be3 Bb7 13. Qe2 b4 14. axb4 Nxb4
15. Bc4 a5 16. Ne5 Nbd5 17. Bd2 Qd6 18. Rfd1 Rfc8 19. Be1 Nf4 20. Qc2 Nxg2 21.
Qb3 0-1

[Event "33rd Leon Blitz Open 2020"]
[Site "chess.com INT"]
[Date "2020.07.14"]
[Round "2"]
[White "Moiseenko, Alexander"]
[Black "Lemos, Dawton Almino"]
[Result "1-0"]
[WhiteTitle "GM"]
[BlackTitle "FM"]
[WhiteElo "2620"]
[BlackElo "2180"]
[WhiteFideId "14102560"]
[BlackFideId "2146797"]
[EventDate "2020.07.14"]
[EventType "blitz"]

1. d4 Nf6 2. c4 e6 3. Nc3 Bb4 4. Nf3 O-O 5. Bg5 h6 6. Bh4 g5 7. Nxg5 hxg5 8.
Bxg5 Be7 9. e4 Nh7 10. Bh6 Bf6 11. e5 Bg5 12. Bxf8 Qxf8 13. h4 Bh6 14. Bd3 f5
15. g4 fxg4 16. Qxg4+ Kh8 17. Bxh7 Kxh7 18. Ne4 Bg7 19. Rg1 d5 20. Nf6+ Bxf6 21.
Qg6+ 1-0

[Event "33rd Leon Blitz Open 2020"]
[Site "chess.com INT"]
[Date "2020.07.14"]
[Round "2"]
[White "Vinter-Schou, Uffe"]
[Black "Do Valle Cardoso, Lucas"]
[Result "0-1"]
[WhiteTitle "IM"]
[WhiteElo "2349"]
[BlackElo "2314"]
[WhiteFideId "1400568"]
[BlackFideId "2163144"]
[EventDate "2020.07.14"]
[EventType "blitz"]

1. c4 Nf6 2. Nf3 e6 3. e3 d5 4. b3 Be7 5. Bb2 O-O 6. Nc3 c5 7. cxd5 exd5 8. Be2
Nc6 9. d4 Ne4 10. O-O Bf6 11. Rc1 cxd4 12. exd4 Re8 13. Bb5 Bg4 14. h3 Bxf3 15.
gxf3 Ng5 16. Bxc6 bxc6 17. Kg2 Ne6 18. Ne2 Bg5 19. Rxc6 Qf6 20. Qd3 Nf4+ 21.
Nxf4 Qxc6 22. Nh5 Qg6 23. Qxg6 hxg6 24. Ng3 Rac8 25. Ba3 Rc2 26. Ra1 Be3 27. Re1
Rxf2+ 28. Kh1 Rxa2 29. Bc1 Ra1 0-1

[Event "33rd Leon Blitz Open 2020"]
[Site "chess.com INT"]
[Date "2020.07.14"]
[Round "2"]
[White "Rohith, Krishna S"]
[Black "Benaddi, Mouhcine"]
[Result "1-0"]
[WhiteTitle "FM"]
[BlackTitle "CM"]
[WhiteElo "2304"]
[BlackElo "2111"]
[WhiteFideId "46617051"]
[BlackFideId "9001050"]
[EventDate "2020.07.14"]
[EventType "blitz"]

1. Nf3 c6 2. c4 d5 3. cxd5 cxd5 4. g3 Nc6 5. Bg2 g6 6. O-O Bg7 7. d4 Nf6 8. Ne5
Bd7 9. Nc3 e6 10. Bf4 O-O 11. Nxc6 Bxc6 12. Be5 Rc8 13. Rc1 Bh6 14. Bxf6 Qxf6
15. e3 Rfd8 16. Qd3 a6 17. Rfd1 Bf8 18. Nb1 Bb5 19. Qb3 Qe7 20. Na3 Be2 21. Re1
Rxc1 22. Rxc1 Qb4 23. Qxb4 Bxb4 24. Nb1 Bc4 25. a3 Bd6 26. Nd2 Bd3 27. Bf1 Bxf1
28. Kxf1 Kf8 29. Ke2 Ke8 30. Kd3 Kd7 31. Nb3 b6 32. Nd2 Rc8 33. Rh1 1-0

[Event "33rd Leon Blitz Open 2020"]
[Site "chess.com INT"]
[Date "2020.07.14"]
[Round "2"]
[White "Padmini, Rout"]
[Black "Shashikant, Kutwal"]
[Result "0-1"]
[WhiteTitle "IM"]
[BlackTitle "IM"]
[WhiteElo "2370"]
[BlackElo "2182"]
[WhiteFideId "5029295"]
[BlackFideId "5006520"]
[EventDate "2020.07.14"]
[EventType "blitz"]

1. e4 e5 2. Nf3 Nc6 3. Bb5 a6 4. Ba4 Nf6 5. O-O b5 6. Bb3 Bc5 7. Nxe5 Nxe5 8. d4
Bxd4 9. Qxd4 d6 10. f4 c5 0-1

[Event "33rd Leon Blitz Open 2020"]
[Site "chess.com INT"]
[Date "2020.07.14"]
[Round "2"]
[White "Santos Latasa, Jaime"]
[Black "Mehdi, Hasan Parag"]
[Result "1-0"]
[WhiteTitle "GM"]
[BlackTitle "FM"]
[WhiteElo "2575"]
[BlackElo "2180"]
[WhiteFideId "2293307"]
[BlackFideId "10201203"]
[EventDate "2020.07.14"]
[EventType "blitz"]

1. d4 Nf6 2. c4 e6 3. Nc3 Bb4 4. e3 O-O 5. Nf3 d5 6. Bd2 b6 7. cxd5 exd5 8. Rc1
Bb7 9. Bd3 Nbd7 10. Nb5 Bxd2+ 11. Nxd2 c6 12. Nc3 Rc8 13. O-O Re8 14. b4 Nf8 15.
Nf3 Ng6 16. Qb3 Qe7 17. a4 Rc7 18. Rc2 Rec8 19. Rfc1 a6 20. h3 Kf8 21. a5 b5 22.
Bf5 Rd8 23. Bxg6 hxg6 24. Ne5 Rdc8 25. Ne2 Ne4 26. Nf4 Nd6 27. Nfxg6+ 1-0

[Event "33rd Leon Blitz Open 2020"]
[Site "chess.com INT"]
[Date "2020.07.14"]
[Round "2"]
[White "Vokhidov, Shamsiddin"]
[Black "Kowalczyk, Pawel"]
[Result "1-0"]
[WhiteTitle "GM"]
[WhiteElo "2512"]
[BlackElo "2339"]
[WhiteFideId "14204223"]
[BlackFideId "1130641"]
[EventDate "2020.07.14"]
[EventType "blitz"]

1. e4 c5 2. Nf3 e6 3. d4 cxd4 4. Nxd4 Qb6 5. Nb3 Nf6 6. Bd3 d5 7. exd5 Nxd5 8.
O-O Be7 9. c4 Nf6 10. Nc3 O-O 11. Be3 Qd8 12. Qe2 a6 13. Rad1 Qc7 14. c5 Bd7 15.
Bg5 Bc6 16. Nd4 Rd8 17. Bc4 Nd5 18. Nxe6 fxe6 19. Qxe6+ Kh8 20. Nxd5 Bxd5 21.
Qxe7 Qxe7 22. Bxe7 Nc6 23. Bxd5 Nxe7 24. Bxb7 Rab8 25. c6 1-0

[Event "33rd Leon Blitz Open 2020"]
[Site "chess.com INT"]
[Date "2020.07.14"]
[Round "2"]
[White "Calzetta Ruiz, Monica"]
[Black "Jaracz, Pawel"]
[Result "0-1"]
[WhiteTitle "WGM"]
[BlackTitle "GM"]
[WhiteElo "2302"]
[BlackElo "2456"]
[WhiteFideId "2204185"]
[BlackFideId "1102222"]
[EventDate "2020.07.14"]
[EventType "blitz"]

1. e4 c6 2. d4 d5 3. e5 Bf5 4. h4 h6 5. g4 Bd7 6. f4 c5 7. c3 h5 8. g5 Qb6 9.
Nf3 Bg4 10. Be2 e6 11. O-O Nc6 12. dxc5 Bxc5+ 13. Kg2 Nge7 14. b4 Be3 15. Na3
Nf5 16. Nc2 Bxc1 17. Qxc1 Rc8 18. Qe1 O-O 19. Rd1 a5 20. a3 Nce7 21. Ncd4 Ne3+
22. Kh2 Nxf1+ 23. Qxf1 Rxc3 0-1

[Event "33rd Leon Blitz Open 2020"]
[Site "chess.com INT"]
[Date "2020.07.14"]
[Round "2"]
[White "Leve, Nitai"]
[Black "Mikhalevski, Victor"]
[Result "0-1"]
[BlackTitle "GM"]
[WhiteElo "2128"]
[BlackElo "2565"]
[WhiteFideId "2006898"]
[BlackFideId "2801914"]
[EventDate "2020.07.14"]
[EventType "blitz"]

1. e4 e5 2. Nf3 Nc6 3. Bb5 g6 4. c3 Bg7 5. d4 exd4 6. cxd4 a6 7. Ba4 b5 8. Bb3
d6 9. h3 Nf6 10. O-O O-O 11. Re1 Na5 12. Bg5 h6 13. Bd2 Nxb3 14. Qxb3 Bb7 15.
Nc3 Re8 16. e5 dxe5 17. dxe5 Bxf3 18. exf6 Qxd2 19. Rxe8+ Rxe8 20. Nxb5 axb5 21.
Qxf3 Qxb2 22. Rd1 Qxf6 0-1

[Event "33rd Leon Blitz Open 2020"]
[Site "chess.com INT"]
[Date "2020.07.14"]
[Round "2"]
[White "Mrudul, Dehankar"]
[Black "Schwabeneder, Florian"]
[Result "0-1"]
[WhiteTitle "WIM"]
[BlackTitle "IM"]
[WhiteElo "2256"]
[BlackElo "2431"]
[WhiteFideId "25096990"]
[BlackFideId "1626191"]
[EventDate "2020.07.14"]
[EventType "blitz"]

1. e4 c6 2. d4 d5 3. Nd2 dxe4 4. Nxe4 Nf6 5. Nxf6+ exf6 6. Nf3 Bd6 7. Be3 O-O 8.
Qd2 Re8 9. O-O-O a5 10. Bd3 Na6 11. c3 Be6 12. Kb1 b5 13. Rhg1 Nc7 14. Bf4 Nd5
15. Bxd6 Qxd6 16. g3 Rab8 17. Ka1 Nb6 18. Rde1 Qd5 19. b3 Qxf3 20. Be4 Qh5 21.
Bxc6 Red8 0-1

[Event "33rd Leon Blitz Open 2020"]
[Site "chess.com INT"]
[Date "2020.07.14"]
[Round "2"]
[White "Albornoz Cabrera, Carlos Daniel"]
[Black "Hnydiuk, Aleksander"]
[Result "1-0"]
[WhiteTitle "GM"]
[BlackTitle "IM"]
[WhiteElo "2573"]
[BlackElo "2411"]
[WhiteFideId "3518736"]
[BlackFideId "1109057"]
[EventDate "2020.07.14"]
[EventType "blitz"]

1. e4 c5 2. Nf3 e6 3. d4 cxd4 4. Nxd4 Nc6 5. Nc3 a6 6. Be3 Nf6 7. Qf3 Bb4 8. Be2
d5 9. exd5 Nxd5 10. Nxc6 bxc6 11. Bd2 O-O 12. O-O Rb8 13. Rad1 Qa5 14. Nxd5 cxd5
15. Bf4 Rb6 16. Bc7 Bd6 17. Bxb6 Qxb6 18. b3 Bb7 19. Qd3 Rc8 20. c4 Bb8 21. cxd5
Bxd5 22. Bf3 Qc7 23. g3 1-0

[Event "33rd Leon Blitz Open 2020"]
[Site "chess.com INT"]
[Date "2020.07.14"]
[Round "2"]
[White "Korobov, Anton"]
[Black "Stany, G.A."]
[Result "1-0"]
[WhiteTitle "GM"]
[BlackTitle "GM"]
[WhiteElo "2688"]
[BlackElo "2522"]
[WhiteFideId "14105730"]
[BlackFideId "5029104"]
[EventDate "2020.07.14"]
[EventType "blitz"]

1. d4 d5 2. c4 c6 3. Nf3 Nf6 4. Nc3 e6 5. Bg5 Nbd7 6. e3 h6 7. Bh4 Be7 8. Bd3
dxc4 9. Bxc4 b5 10. Bd3 Bb7 11. Rc1 a6 12. Bxf6 Nxf6 13. Ne4 Nxe4 14. Bxe4 Qa5+
15. Nd2 Qxa2 16. Qc2 O-O 17. O-O Qa5 18. f4 Qb6 19. Nf3 Rac8 20. Ne5 Rfd8 21.
Bh7+ Kf8 22. Nxf7 Kxf7 23. Qg6+ Kf8 24. f5 Bf6 25. fxe6 Ke7 26. Rxf6 gxf6 27.
Qf7+ Kd6 28. e7 Re8 29. Qxf6+ Kc7 30. Qe5+ Kd7 31. Bf5# 1-0

[Event "33rd Leon Blitz Open 2020"]
[Site "chess.com INT"]
[Date "2020.07.14"]
[Round "2"]
[White "Koellner, Ruben Gideon"]
[Black "Gahan, M G"]
[Result "1-0"]
[WhiteTitle "FM"]
[BlackTitle "FM"]
[WhiteElo "2376"]
[BlackElo "2229"]
[WhiteFideId "12993093"]
[BlackFideId "5027373"]
[EventDate "2020.07.14"]
[EventType "blitz"]

1. d4 Nf6 2. Bg5 d5 3. e3 Ne4 4. Bf4 c5 5. Bd3 Qb6 6. Bxe4 Qxb2 7. Bxd5 Qxa1 8.
Ne2 Nc6 9. O-O Qb2 10. Bb3 c4 11. Bxc4 Qb6 12. Nbc3 e6 13. Nb5 e5 14. dxe5 a6
15. e6 fxe6 16. Nc7+ Kf7 17. Nxa8 Qc5 18. Bb3 g5 19. Bg3 h5 20. h3 Be7 21. Nd4
Bd7 22. Nc7 Nxd4 23. exd4 Qf5 24. Re1 Rh6 25. d5 exd5 26. Qxd5+ Kf8 27. Qg8# 1-0

[Event "33rd Leon Blitz Open 2020"]
[Site "chess.com INT"]
[Date "2020.07.14"]
[Round "2"]
[White "Gukesh, D"]
[Black "Lopez Idarraga, Daniel Eduardo"]
[Result "1-0"]
[WhiteTitle "GM"]
[BlackTitle "FM"]
[WhiteElo "2563"]
[BlackElo "2009"]
[WhiteFideId "46616543"]
[BlackFideId "4405501"]
[EventDate "2020.07.14"]
[EventType "blitz"]

1. c4 Nf6 2. Nf3 g6 3. g3 Bg7 4. Bg2 O-O 5. O-O d6 6. d4 c6 7. Nc3 Bf5 8. Ne1 e5
9. d5 Qc8 10. e4 Bh3 11. Nd3 Bxg2 12. Kxg2 Nbd7 13. Be3 c5 14. f3 a6 15. a3 Rb8
16. Rc1 b5 17. cxb5 axb5 18. b4 c4 19. Ne1 Qb7 20. Nc2 h5 21. h4 Kh7 22. Qe2 Bh6
23. Bxh6 Kxh6 24. Ra1 Ra8 25. Rfb1 Qb6 26. Qe3+ Qxe3 27. Nxe3 Rfb8 28. a4 bxa4
29. Rxa4 Nb6 30. Ra5 Ne8 31. Nb5 Kg7 32. Rba1 Kf6 33. Rxa8 Rxa8 34. Rxa8 Nxa8
35. Nxc4 Ke7 36. Na7 Kd7 37. Nc6 Nac7 38. Nb6# 1-0

[Event "33rd Leon Blitz Open 2020"]
[Site "chess.com INT"]
[Date "2020.07.14"]
[Round "2"]
[White "Hejazipour, Mitra"]
[Black "Arjun, Kalyan"]
[Result "1-0"]
[WhiteTitle "WGM"]
[BlackTitle "IM"]
[WhiteElo "2300"]
[BlackElo "2477"]
[WhiteFideId "12505951"]
[BlackFideId "35018701"]
[EventDate "2020.07.14"]
[EventType "blitz"]

1. Nf3 d5 2. b3 Bf5 3. Bb2 e6 4. e3 Nf6 5. d4 h6 6. Bd3 Ne4 7. O-O Nd7 8. Nbd2
Be7 9. Ne5 Nxe5 10. dxe5 O-O 11. Nxe4 dxe4 12. Bc4 c6 13. a4 Qa5 14. Qe2 Bb4 15.
Rfd1 Rfd8 16. h3 Bc3 17. Bxc3 Qxc3 18. Rxd8+ Rxd8 19. Rd1 Rxd1+ 20. Qxd1 Qxe5
21. Qd8+ Kh7 22. Qd7 Qa1+ 23. Kh2 Qe1 24. Qxf7 Qb4 25. g4 Qd6+ 26. Kg2 Bg6 27.
Qxe6 Qxe6 28. Bxe6 h5 29. Kg3 Kh6 30. Kf4 Be8 31. Kxe4 g5 32. Bc8 b6 33. Ke5 c5
34. Kf6 Bc6 35. f4 gxf4 36. exf4 hxg4 37. hxg4 Be4 38. Bf5 Bxc2 39. Bxc2 1-0

[Event "33rd Leon Blitz Open 2020"]
[Site "chess.com INT"]
[Date "2020.07.14"]
[Round "2"]
[White "Lauridsen, Jesper Morch"]
[Black "Fawzy, Adham"]
[Result "0-1"]
[WhiteTitle "FM"]
[BlackTitle "GM"]
[WhiteElo "2225"]
[BlackElo "2467"]
[WhiteFideId "1401890"]
[BlackFideId "10613129"]
[EventDate "2020.07.14"]
[EventType "blitz"]

1. e4 c5 2. Nf3 Nc6 3. d4 cxd4 4. Nxd4 e5 5. Nb5 d6 6. N1c3 a6 7. Na3 b5 8. Nd5
Nge7 9. c4 Nd4 10. cxb5 Nxd5 11. exd5 Bd7 12. bxa6 Qa5+ 13. Bd2 Qxd5 14. f3 Be7
15. Bc4 Bh4+ 16. Kf1 Bb5 17. Bxb5+ Nxb5 18. Bb4 Nd4 19. Rc1 O-O 20. Nc4 Rxa6 21.
Ne3 Qb5+ 22. Rc4 Rc8 23. b3 d5 24. a4 Rxa4 25. bxa4 Qa6 26. Qd3 dxc4 27. Qe4 c3+
28. Kg1 Ne2+ 29. Kf1 Ng3+ 0-1

[Event "33rd Leon Blitz Open 2020"]
[Site "chess.com INT"]
[Date "2020.07.14"]
[Round "2"]
[White "Titichoca Daza, Daniel"]
[Black "Sipila, Vilka"]
[Result "0-1"]
[WhiteTitle "CM"]
[BlackTitle "IM"]
[WhiteElo "2090"]
[BlackElo "2402"]
[WhiteFideId "3309550"]
[BlackFideId "505455"]
[EventDate "2020.07.14"]
[EventType "blitz"]

1. e4 c6 2. Nf3 d5 3. Nc3 Bg4 4. h3 Bxf3 5. Qxf3 e6 6. d3 Nf6 7. Bd2 Nbd7 8. g4
h6 9. O-O-O Bd6 10. d4 dxe4 11. Nxe4 Nxe4 12. Qxe4 Nf6 13. Qe2 Qc7 14. Bg2 O-O-O
15. c4 Bf4 16. Be3 Rd7 17. Kb1 Rhd8 18. Qf3 g5 19. h4 c5 20. hxg5 hxg5 21. dxc5
Rxd1+ 22. Rxd1 Rxd1+ 23. Qxd1 Bxe3 24. fxe3 Qxc5 25. Qf3 Qe7 26. a3 Ne8 27. Qe4
Qc7 28. c5 Qxc5 29. Qxb7+ Kd8 30. Bc6 Nf6 31. Qxf7 Qe5 32. Qxa7 Qd6 33. Qd4 Qxd4
34. exd4 Nxg4 35. b4 Kc7 36. b5 Ne3 37. Kb2 g4 38. a4 Nd5 39. Be8 g3 40. Bh5 g2 0-1

[Event "33rd Leon Blitz Open 2020"]
[Site "chess.com INT"]
[Date "2020.07.14"]
[Round "2"]
[White "Diaz, Conrado"]
[Black "Rottenwohrer Suarez, Juan"]
[Result "1-0"]
[BlackTitle "CM"]
[WhiteElo "2273"]
[BlackElo "2197"]
[WhiteFideId "5207304"]
[BlackFideId "32068182"]
[EventDate "2020.07.14"]
[EventType "blitz"]

1. d4 Nf6 2. Nf3 g6 3. Bg5 Ne4 4. Bf4 Bg7 5. Nbd2 Nxd2 6. Qxd2 d5 7. Bh6 O-O 8.
Bxg7 Kxg7 9. e3 c5 10. dxc5 Nc6 11. O-O-O Be6 12. Nd4 Rc8 13. Nb3 f5 14. Bb5 Qc7
15. Bxc6 bxc6 16. f4 Bf7 17. Qd4+ Kg8 18. Kb1 Rfe8 19. Qe5 Qxe5 20. fxe5 Rb8 21.
Nd4 Rec8 22. e6 Be8 23. h4 Rb4 24. b3 Kg7 25. c3 Rb7 26. Kc2 a5 27. Kd3 Kf6 28.
Rdf1 Ke5 29. h5 a4 30. b4 a3 31. Rf4 1-0

[Event "33rd Leon Blitz Open 2020"]
[Site "chess.com INT"]
[Date "2020.07.14"]
[Round "2"]
[White "Gazik, Viktor"]
[Black "Jakubowski, Krzysztof"]
[Result "0-1"]
[WhiteTitle "IM"]
[BlackTitle "GM"]
[WhiteElo "2502"]
[BlackElo "2481"]
[WhiteFideId "14928752"]
[BlackFideId "1112848"]
[EventDate "2020.07.14"]
[EventType "blitz"]

1. e4 c5 2. Nc3 Nc6 3. Bb5 Nd4 4. Bc4 e6 5. Nf3 Ne7 6. Nxd4 cxd4 7. Ne2 Nc6 8.
O-O a6 9. c3 Bc5 10. b4 Ba7 11. Bb2 d5 12. exd5 exd5 13. Bb3 O-O 14. Nxd4 Bxd4
15. cxd4 Nxb4 16. Ba3 a5 17. Bxb4 axb4 18. Qf3 Be6 19. Rac1 Re8 20. Rfe1 b6 21.
h3 Qd6 22. Re5 Red8 23. Rce1 Rac8 24. h4 h6 25. h5 Rc7 26. Qd3 Rdc8 27. Bxd5 Rc1
28. Bxe6 fxe6 29. Qb3 Qxe5 30. Rxc1 Rxc1+ 0-1